Visualizzazione normale
Vista MARC
- Handel Georg Friedrich
di Personal Name
Records bibliografici associati: 1
001 - CONTROL NUMBER
- control field: 32603
003 - CONTROL NUMBER IDENTIFIER
- control field: IT-RoPau
005 - DATE AND TIME OF LATEST TRANSACTION
- control field: 20140701115931.0
008 - FIXED-LENGTH DATA ELEMENTS
- fixed length control field: 140701|| aca||aabn | a|a d
040 ## - CATALOGING SOURCE
- Original cataloging agency: IT-RoPau
- Transcribing agency: IT-RoPau
100 ## - HEADING--PERSONAL NAME
- Personal name: Handel Georg Friedrich
- Miscellaneous information: Codice autore musica SPICS: 5619
- Relator term: Autore musica
- Name of part/section of a work: Joy To the World
670 ## - SOURCE DATA FOUND
- Source citation: Work cat.: (IT-RoPau)99291: AA.VV. 794, Wonder of Christmas (The)